|
|
|
|
| LEADER |
00000nam a2200000 a 4500 |
| 001 |
vtls001455121 |
| 003 |
SK-MaSNL |
| 005 |
20260302040005.0 |
| 008 |
240318s1873 xx 0 und |
| 035 |
|
|
|a SNK000410428
|
| 040 |
|
|
|a SNK
|b slo
|c SNK
|e AACR2
|
| 041 |
0 |
|
|a und
|
| 044 |
|
|
|a xx
|
| 100 |
1 |
|
|a Bežo, Ján,
|d 1842-1905
|4 aut
|9 115367
|
| 245 |
1 |
0 |
|a Silozpyt čili Fyzika
|b pre národné školy
|
| 250 |
|
|
|a 2, preprac. vyd.
|
| 260 |
|
|
|a Senica
|b Ján Bežo
|c 1873
|
| 300 |
|
|
|a 43 s.
|
| 958 |
|
|
|a ONDV
|
| 999 |
|
|
|c 1072933
|d 1074863
|
| 952 |
|
|
|a SNK
|b SNK
|y PREZ
|7 0
|p 17A0708067
|o snkSD 1384/10
|i snk3653/28
|0 0
|1 0
|4 0
|d 2011-07-21
|l 0
|r 2026-02-24 16:00:24
|w 2026-02-24
|
| 952 |
|
|
|a SNK
|b SNK
|y VYP
|7 0
|p 17A0386504
|o snkSD 1384/10 D1
|i snkKSF 1828/57
|8 5
|0 0
|1 0
|4 0
|d 2003-06-11
|l 0
|r 2005-01-02 00:00:00
|w 2026-02-24
|
| 952 |
|
|
|a SNK
|b SNK
|y VYP
|7 0
|p 17A0373197
|o snkSD 1384/10 D2
|i snkD 2505/61
|8 1
|0 0
|1 0
|4 0
|d 2003-07-03
|l 0
|r 2005-01-02 00:00:00
|w 2026-02-24
|